=LDR 00000nam 2200000 4500 =001 000907 =005 20250712122227 =035 ##$$a 0010-0725000785 =007 ta =008 250712################a##########0#ind## =020 ##$$a 978-623-307-149-9 =082 ##$$a 398.209 598 4 =084 ##$$a 398.209 598 4 DWI l =100 #$$a Dwi rahmawati =245 1#$$a Lulu mencari gong /$c Dwi rahmawati =250 ##$$a Cetakan pertama =260 ##$$a Rawamangun :$b Badan pengembangan dan pembinaan bahasa,$c 2022 =300 ##$$a 24 hlm. : $b Ilus. ; $c 29,7cm =650 #4$$a Cerita anak-kalimantan